00665 2200253 4500001002100000005001700021008004100038020001900079035002400098082001000122090001700132100001700149245006300166250001100229260003900240300003100279500002500310650001500335700001200350850001500362980001300377985000600390999001500396YOGYA-0209000001365520090227022338.0 ind  a979-8581-113-0 0010-020900000013655 a302.2 a302.2bPan S aPANUJU, Redi aSistem Komunikasi IndonesiacRedi Panuju ; editor, Kamdani aCet. 1 aYogyakartabPustaka Pelajarc19997 aviii, 135 hlmbilusc20 cm aTermasuk bibliografi aKomunikasi aKamdani aYOPDYOG(B) a05-07-05 a1 a99B0031861